000 00919nam a2200253 i 4500
001 8368
003 ES-MaACL
005 20230906145437.0
007 t|
008 920612s1987 mx ||||1| spa d
020 _a958-880-067-8
080 _a621-52
100 1 _aKernighan, Brian W.
_967921
245 1 3 _aEl Entorno de programación UNIX /
_cBrian W. Kernighan, Rob Pike ; traducción: Alberto Villarreal Cueva, Andrés Aguirre Calderón ; revisión técnica: Guillermo Levine Gutiérrez.
250 _a[1ª ed. en español].
260 _aMéxico [etc.] :
_bPrentice-Hall Hispanoamericana,
_ccop.1987.
300 _aXI, 369 p. ;
_c23 cm.
650 1 4 _aUNIX-
_xProgramación.
_917691
700 1 _aPike, Rob.
_992016
700 1 _aVillarreal Cueva, Alberto.
_9115136
700 1 _aAguirre Calderón, Andrés.
_918857
700 1 _aLevine Gutiérrez, Guillermo.
_971979
852 _aES-MaACL
_jL-15777
_bR.120334
999 _c8368
_d8368